| 000 | 00443nam a22001575i 4500 | ||
|---|---|---|---|
| 001 | 48403 | ||
| 003 | ES-MaACL | ||
| 007 | t| | ||
| 008 | 950714s1892 xxk ||||1| eng d | ||
| 040 |
_aCAM _bspa _cCAM |
||
| 100 | 1 |
_aDavidson, Thomas. _942907 |
|
| 245 | 1 | 0 |
_aAristotle and ancient educational ideals / _cby Thomas Davidson. |
| 260 |
_aLondon : _bWilliam Heinemann, _c1892. |
||
| 300 |
_aXIII, 256 p. ; _c19 cm. |
||
| 852 |
_aES-MaACL _jG-1048 |
||
| 999 |
_c48403 _d48403 |
||